00514nam a2200145Ia 4500008004100000020001400041245007600055260005400131516002000185650001500205650002600220650001300246830004500259856006400304140925s9999 xx 000 0 und d a1916-9728 aInternational Journal of Economics and Finance /h[electronic resource] bCanadian Center of Science and Education,cc2014. aElectronic text aEconomics. aFinancial Management. aJournal. aCanadian Center of Science and Education uhttp://www.ccsenet.org/journal/index.php/ijef/issue/current